[Event "FIN-chT2 Gp3 1819"]
[Site "Finland"]
[Date "2019.04.06"]
[Round "6.4"]
[White "Hassan, Alzakout"]
[Black "Piiroinen, Tero"]
[Result "1/2-1/2"]
[WhiteElo "1693"]
[BlackElo "1853"]
[PlyCount "104"]
[EventDate "2018.09.15"]
[EventType "team-tourn"]
[EventRounds "6"]
[EventCountry "FIN"]
[SourceTitle "EXT 2020"]
[Source "ChessBase"]
[SourceDate "2019.10.17"]
[SourceVersion "1"]
[SourceVersionDate "2019.10.17"]
[SourceQuality "1"]
[WhiteTeam "Helsinki HSK III"]
[BlackTeam "Turku AS"]
[WhiteTeamCountry "FIN"]
[BlackTeamCountry "FIN"]

1. b4 e6 2. a3 b6 3. Bb2 Nf6 4. Nf3 Bb7 5. e3 d5 6. d4 Bd6 7. c4 0-0 8. c5 Be7 9. Qc2 c6 10. Bd3 a5 11. Ng5 h6 12. h4 axb4 13. axb4 Rxa1 14. Bxa1 Ba6 15. Nf3 Bxd3 16. Qxd3 Ne4 17. Ne5 Bxh4 18. g3 Bf6 19. Ng4 bxc5 20. f3 Ng5 21. f4 Ne4 22. bxc5 Qa5+ 23. Bc3 Qa2 24. Rh2 Qa6 25. Qc2 Nd7 26. Rg2 Qc4 27. Nf2 Ndxc5 28. Ng4 Na4 29. Ba5 Qxc2 30. Rxc2 Bd8 31. Bb4 c5 32. dxc5 Be7 33. Ne5 Naxc5 34. Nd2 Re8 35. Nxe4 Nxe4 36. Bxe7 Rxe7 37. g4 g6 38. Rc8+ Kg7 39. Ke2 Ra7 40. Rc2 f6 41. Nd3 g5 42. Kf3 Kg6 43. Rc6 Re7 44. Nb4 h5 45. gxh5+ Kxh5 46. f5 g4+ 47. Kg2 Ng5 48. fxe6 Rxe6 49. Rxe6 Nxe6 50. Nxd5 Kg5 51. Kg3 f5 52. Nc3 Kg6 1/2-1/2

[Event "FIN-chT2 Gp3 1819"]
[Site "Finland"]
[Date "2019.01.12"]
[Round "5.5"]
[White "Piippo, Mikko"]
[Black "Piiroinen, Tero"]
[Result "1-0"]
[WhiteElo "1862"]
[BlackElo "1853"]
[PlyCount "49"]
[EventDate "2018.09.15"]
[EventType "team-tourn"]
[EventRounds "6"]
[EventCountry "FIN"]
[SourceTitle "EXT 2020"]
[Source "ChessBase"]
[SourceDate "2019.10.17"]
[SourceVersion "1"]
[SourceVersionDate "2019.10.17"]
[SourceQuality "1"]
[WhiteTeam "Helsinki LauttSK II"]
[BlackTeam "Turku AS"]
[WhiteTeamCountry "FIN"]
[BlackTeamCountry "FIN"]

1. d4 f5 2. e4 fxe4 3. Nc3 Nf6 4. Bg5 Nc6 5. d5 Ne5 6. Qd4 Nf7 7. h4 c6 8. 0-0-0 Qb6 9. Bxf6 gxf6 10. Qxe4 Qxf2 11. Nf3 Bh6+ 12. Kb1 Qe3 13. Qc4 Nd6 14. Qg4 Qf4 15. Qh5+ Nf7 16. Bd3 d6 17. dxc6 bxc6 18. Be4 Bb7 19. Rhf1 Rg8 20. Qa5 Qe3 21. Nd4 Ne5 22. Qc7 Kf7 23. Nf5 Qb6 24. Qxe7+ Kg6 25. Ng7+ 1-0

[Event "Naantali Avoin op"]
[Site "Naantali"]
[Date "2018.07.02"]
[Round "1"]
[White "Heino, Juha"]
[Black "Piiroinen, Tero"]
[Result "1-0"]
[WhiteElo "2114"]
[BlackElo "1862"]
[PlyCount "57"]
[EventDate "2018.07.02"]
[EventType "swiss"]
[EventRounds "9"]
[EventCountry "FIN"]
[SourceTitle "EXT 2019"]
[Source "ChessBase"]
[SourceDate "2018.10.10"]
[SourceVersion "1"]
[SourceVersionDate "2018.10.10"]
[SourceQuality "1"]

1. e4 c6 2. d4 d5 3. Nc3 dxe4 4. Nxe4 h6 5. Bc4 Bf5 6. Ng3 Bh7 7. Nf3 Nd7 8. 0-0 e6 9. Bd3 Bxd3 10. Qxd3 Ngf6 11. Re1 Be7 12. c4 0-0 13. Bd2 a5 14. a3 c5 15. d5 exd5 16. Nf5 dxc4 17. Qe2 Re8 18. Nxe7+ Kh8 19. Bc3 Ng8 20. Bxg7+ Kxg7 21. Nf5+ Kf6 22. Qxc4 Kxf5 23. Qxf7+ Ngf6 24. Nh4+ Kg5 25. Qg6+ Kxh4 26. g3+ Kh3 27. Qxh6+ Kg4 28. Qg6+ Kh3 29. Qf5+ 1-0

[Event "FIN-chT2 Gp3 1718"]
[Site "Finland"]
[Date "2018.01.13"]
[Round "5.5"]
[White "Kapanen, Keijo"]
[Black "Piiroinen, Tero"]
[Result "1/2-1/2"]
[WhiteElo "1847"]
[BlackElo "1869"]
[PlyCount "32"]
[EventDate "2017.09.16"]
[EventType "team-tourn"]
[EventRounds "7"]
[EventCountry "FIN"]
[SourceTitle "EXT 2020"]
[Source "ChessBase"]
[SourceDate "2019.10.17"]
[SourceVersion "1"]
[SourceVersionDate "2019.10.17"]
[SourceQuality "1"]
[WhiteTeam "Tampere Tammer III"]
[BlackTeam "Turku AS"]
[WhiteTeamCountry "FIN"]
[BlackTeamCountry "FIN"]

1. d4 f5 2. c4 Nf6 3. Nf3 e6 4. g3 d5 5. Nbd2 c6 6. Bg2 Bd6 7. e3 0-0 8. 0-0 Ne4 9. Qc2 Nd7 10. b3 Ndf6 11. Bb2 Bd7 12. Ne5 Nxd2 13. Qxd2 Ne4 14. Qc2 Be8 15. f3 Nf6 16. Rac1 Qe7 1/2-1/2

[Event "Turku We TuTS A"]
[Site "Turku"]
[Date "2017.12.10"]
[Round "4"]
[White "Piiroinen, Tero"]
[Black "Lallukka, Taneli"]
[Result "1/2-1/2"]
[WhiteElo "1879"]
[BlackElo "1888"]
[PlyCount "63"]
[EventDate "2017.12.08"]
[EventType "swiss"]
[EventRounds "5"]
[EventCountry "FIN"]
[SourceTitle "EXT 2022"]
[Source "ChessBase"]
[SourceDate "2021.10.06"]
[SourceVersion "1"]
[SourceVersionDate "2021.10.06"]
[SourceQuality "1"]

1. d4 Nf6 2. c4 g6 3. Nf3 Bg7 4. Nc3 d5 5. cxd5 Nxd5 6. Qb3 Nxc3 7. bxc3 c5 8. Ba3 cxd4 9. cxd4 Nc6 10. e3 Qa5+ 11. Nd2 0-0 12. Bc4 a6 13. Rc1 Qg5 14. h4 Qg4 15. Be2 Qd7 16. Bf3 Rd8 17. Bc5 e5 18. d5 Na5 19. Qb6 Nc6 20. 0-0 Ne7 21. e4 Bh6 22. Rc2 Bxd2 23. Rxd2 f5 24. Rc2 fxe4 25. Bxe7 Qxe7 26. Bxe4 Bf5 27. Rc7 Rd7 28. Bxf5 gxf5 29. Qxb7 Rad8 30. Qb3 Qd6 31. Rxd7 Rxd7 32. Rd1 1/2-1/2

[Event "FIN-chT2 Gp3 1718"]
[Site "Finland"]
[Date "2017.10.22"]
[Round "3.5"]
[White "Piiroinen, Tero"]
[Black "Kangasniemi, Jussi"]
[Result "1-0"]
[WhiteElo "1869"]
[BlackElo "1880"]
[PlyCount "117"]
[EventDate "2017.09.16"]
[EventType "team-tourn"]
[EventRounds "7"]
[EventCountry "FIN"]
[SourceTitle "EXT 2020"]
[Source "ChessBase"]
[SourceDate "2019.10.17"]
[SourceVersion "1"]
[SourceVersionDate "2019.10.17"]
[SourceQuality "1"]
[WhiteTeam "Turku AS"]
[BlackTeam "Pori PSY"]
[WhiteTeamCountry "FIN"]
[BlackTeamCountry "FIN"]

1. d4 d5 2. c4 e6 3. Nc3 Nf6 4. cxd5 exd5 5. Bg5 Be7 6. e3 0-0 7. Qc2 b6 8. Bd3 h6 9. Bxf6 Bxf6 10. Nf3 Bb7 11. 0-0 Nd7 12. Rac1 a6 13. Rfd1 g6 14. e4 dxe4 15. Nxe4 Rc8 16. Nxf6+ Qxf6 17. Be4 c6 18. Qb3 Rfe8 19. Re1 Kg7 20. Qc3 Kh7 21. Ne5 Qe6 22. Nc4 f5 23. Bb1 Qd5 24. Ne3 Qf7 25. Qd3 c5 26. dxc5 Nxc5 27. Qc4 Qe7 28. Nf1 Ne4 29. Qb3 Qf6 30. Bxe4 Bxe4 31. Ng3 Rxc1 32. Rxc1 Re7 33. Rc8 Qe6 34. Qxe6 Rxe6 35. Rc7+ Kg8 36. Nxe4 Rxe4 37. Kf1 Re6 38. Rb7 g5 39. f3 Rc6 40. Ke1 Rc1+ 41. Kd2 Rg1 42. Rxb6 Rxg2+ 43. Kc3 Rxh2 44. Rxa6 Kf8 45. Re6 Kf7 46. Re1 g4 47. fxg4 fxg4 48. a4 Rf2 49. a5 g3 50. a6 Rf3+ 51. Kb4 Rf4+ 52. Kb5 Rf5+ 53. Kb6 Rf3 54. a7 Rb3+ 55. Ka5 Rxb2 56. Ra1 g2 57. a8Q Ra2+ 58. Rxa2 g1Q 59. Qf3+ 1-0

[Event "Naantali Avoin op"]
[Site "Naantali"]
[Date "2017.07.06"]
[Round "5"]
[White "Piiroinen, Tero"]
[Black "Lyly, Seppo"]
[Result "1/2-1/2"]
[WhiteElo "1862"]
[BlackElo "1912"]
[PlyCount "91"]
[EventDate "2017.07.03"]
[EventType "swiss"]
[EventRounds "7"]
[EventCountry "FIN"]
[SourceTitle "EXT 2018"]
[Source "ChessBase"]
[SourceDate "2017.10.13"]
[SourceVersion "1"]
[SourceVersionDate "2017.10.13"]
[SourceQuality "1"]

1. d4 Nf6 2. Nf3 g6 3. c4 Bg7 4. Nc3 d5 5. cxd5 Nxd5 6. e4 Nxc3 7. bxc3 0-0 8. Be3 c5 9. Be2 Nc6 10. Qd2 cxd4 11. cxd4 Qa5 12. Qxa5 Nxa5 13. 0-0 b6 14. Nd2 Nc6 15. Nb3 Bb7 16. f3 Nb4 17. Rac1 Rfc8 18. a4 Na2 19. Rc4 Nc3 20. Bd3 Rxc4 21. Bxc4 Rc8 22. Nd2 a6 23. Kf2 Nxa4 24. Bb3 Nc3 25. Nc4 b5 26. Nb6 Rd8 27. e5 e6 28. Rc1 b4 29. g4 Bf8 30. h4 Be7 31. g5 Kg7 32. h5 Bc6 33. h6+ Kg8 34. Ra1 Bb5 35. Na4 Rc8 36. Nc5 Ra8 37. Ne4 Rd8 38. Nxc3 bxc3 39. Rc1 Bb4 40. Rc2 a5 41. Ra2 Bd3 42. f4 Bb1 43. Re2 Bd3 44. Ra2 Bb1 45. Re2 Bd3 46. Ra2 1/2-1/2

[Event "FIN-chT2 Gp2 1617"]
[Site "Finland"]
[Date "2016.12.10"]
[Round "4.5"]
[White "Stockfelt, Jesse"]
[Black "Piiroinen, Tero"]
[Result "1/2-1/2"]
[WhiteElo "1473"]
[BlackElo "1878"]
[PlyCount "65"]
[EventDate "2016.09.17"]
[EventType "team-tourn"]
[EventRounds "7"]
[EventCountry "FIN"]
[SourceTitle "EXT 2019"]
[Source "ChessBase"]
[SourceDate "2018.10.10"]
[SourceVersion "1"]
[SourceVersionDate "2018.10.10"]
[SourceQuality "1"]
[WhiteTeam "Turku TuTS III"]
[BlackTeam "Turku AS"]
[WhiteTeamCountry "FIN"]
[BlackTeamCountry "FIN"]

1. e4 c6 2. d4 d5 3. Nc3 dxe4 4. Nxe4 h6 5. Nf3 Bf5 6. Ng3 Bh7 7. Bd3 Bxd3 8. Qxd3 Nf6 9. 0-0 e6 10. Ne5 Nbd7 11. f4 Bd6 12. Bd2 0-0 13. Rae1 c5 14. c3 Rc8 15. f5 cxd4 16. Nxd7 Qxd7 17. fxe6 fxe6 18. cxd4 Bc5 19. Bc3 Rcd8 20. Rd1 Qa4 21. Kh1 Ng4 22. Ne4 Rxf1+ 23. Rxf1 Bxd4 24. h3 Ne3 25. Rf3 Qd1+ 26. Qxd1 Nxd1 27. Bxd4 Rxd4 28. Nc5 Rd6 29. Nxb7 Rd7 30. Nc5 Re7 31. b3 e5 32. Ne4 Rf7 33. Rxf7 1/2-1/2

[Event "Naantali op"]
[Site "Naantali"]
[Date "2015.07.02"]
[Round "6"]
[White "Piiroinen, Tero"]
[Black "Tuominen, Kari"]
[Result "1-0"]
[WhiteElo "1870"]
[BlackElo "1744"]
[PlyCount "77"]
[EventDate "2015.06.29"]
[EventType "swiss"]
[EventRounds "9"]
[EventCountry "FIN"]
[SourceTitle "EXT 2016"]
[Source "ChessBase"]
[SourceDate "2015.10.08"]
[SourceVersion "1"]
[SourceVersionDate "2015.10.08"]
[SourceQuality "1"]

1. b3 e6 2. Bb2 Nf6 3. f4 d5 4. Nf3 Nc6 5. e3 a6 6. Be2 Be7 7. 0-0 Nb8 8. d4 Nbd7 9. Ne5 c5 10. Nd2 0-0 11. Bd3 Ne8 12. Rf3 g6 13. Rh3 Nef6 14. g4 Kg7 15. g5 Rh8 16. gxf6+ Bxf6 17. Ndf3 h6 18. Nxd7 Bxd7 19. Ne5 Bxe5 20. fxe5 Qe7 21. Qf3 c4 22. bxc4 Bc6 23. cxd5 Bxd5 24. e4 Bc6 25. Qf6+ Qxf6 26. exf6+ Kf8 27. Ba3+ Ke8 28. c4 b5 29. d5 exd5 30. exd5 Bd7 31. Re3+ Kd8 32. Re7 Bf5 33. Bxf5 gxf5 34. c5 Rg8+ 35. Kf2 a5 36. c6 b4 37. Bb2 Rc8 38. Rc1 Rc7 39. d6 1-0

[Event "Naantali op"]
[Site "Naantali"]
[Date "2015.06.29"]
[Round "1"]
[White "Wilen, Eero"]
[Black "Piiroinen, Tero"]
[Result "1-0"]
[WhiteElo "2114"]
[BlackElo "1870"]
[PlyCount "55"]
[EventDate "2015.06.29"]
[EventType "swiss"]
[EventRounds "9"]
[EventCountry "FIN"]
[SourceTitle "EXT 2016"]
[Source "ChessBase"]
[SourceDate "2015.10.08"]
[SourceVersion "1"]
[SourceVersionDate "2015.10.08"]
[SourceQuality "1"]

1. d4 f5 2. e4 fxe4 3. Nc3 Nf6 4. Bg5 Nc6 5. d5 Ne5 6. Qd4 Nf7 7. h4 d6 8. Nxe4 c5 9. dxc6 bxc6 10. 0-0-0 Qa5 11. Bc4 d5 12. Bxf6 gxf6 13. Bb3 Bh6+ 14. Kb1 dxe4 15. Qxe4 0-0 16. Nf3 Bf5 17. Qxe7 Rac8 18. Nd4 Bg6 19. h5 Bxh5 20. g4 Rfe8 21. Rxh5 Rxe7 22. Rxa5 Rd8 23. c3 Kh8 24. Rh1 Rxd4 25. cxd4 Bd2 26. Rf5 Nh6 27. Rxf6 Kg7 28. Rxc6 1-0

[Event "Naantali op"]
[Site "Naantali"]
[Date "2014.07.06"]
[Round "9"]
[White "Norri, Roger"]
[Black "Piiroinen, Tero"]
[Result "1-0"]
[WhiteElo "1903"]
[BlackElo "1890"]
[PlyCount "35"]
[EventDate "2014.06.30"]
[EventType "swiss"]
[EventRounds "9"]
[EventCountry "FIN"]
[SourceTitle "CBM 161 Extra"]
[Source "ChessBase"]
[SourceDate "2014.08.29"]
[SourceVersion "1"]
[SourceVersionDate "2014.08.29"]
[SourceQuality "1"]

1. e4 g6 2. d4 d6 3. Nc3 c6 4. Nf3 Bg7 5. Be3 Nd7 6. Qd2 b5 7. d5 b4 8. dxc6 Nc5 9. Nd5 Bxb2 10. Qxb4 Bxa1 11. c7 Qd7 12. Bb5 Nf6 13. Bxc5 dxc5 14. Bxd7+ Nxd7 15. Qb5 a5 16. Nb6 Bc3+ 17. Kd1 e6 18. Nxa8 1-0

[Event "Naantali op"]
[Site "Naantali"]
[Date "2014.07.05"]
[Round "8"]
[White "Piiroinen, Tero"]
[Black "Smeds, Tom"]
[Result "1/2-1/2"]
[WhiteElo "1890"]
[BlackElo "1828"]
[PlyCount "68"]
[EventDate "2014.06.30"]
[EventType "swiss"]
[EventRounds "9"]
[EventCountry "FIN"]
[SourceTitle "CBM 161 Extra"]
[Source "ChessBase"]
[SourceDate "2014.08.29"]
[SourceVersion "1"]
[SourceVersionDate "2014.08.29"]
[SourceQuality "1"]

1. d4 d5 2. g3 e6 3. Bg2 f5 4. c4 Nf6 5. Nh3 c6 6. 0-0 Bd6 7. Qc2 0-0 8. Bf4 Nh5 9. Bxd6 Qxd6 10. Nd2 Nd7 11. Rac1 Ndf6 12. Nf3 Ng4 13. Nh4 Bd7 14. Qd3 e5 15. cxd5 e4 16. Qb3 cxd5 17. f4 Bc6 18. Nf2 Nxf2 19. Rxf2 Qf6 20. Bh3 g6 21. e3 Ng7 22. Bf1 g5 23. Ng2 Ne6 24. Bb5 Rfc8 25. Rfc2 gxf4 26. Bxc6 bxc6 27. Rxc6 Rxc6 28. Rxc6 fxe3 29. Nxe3 Kh8 30. Qxd5 Qxd4 31. Qxd4+ Nxd4 32. Rc5 f4 33. gxf4 Ne2+ 34. Kf1 Nxf4 1/2-1/2

[Event "Naantali op"]
[Site "Naantali"]
[Date "2014.07.01"]
[Round "3"]
[White "Nieminen, Markus"]
[Black "Piiroinen, Tero"]
[Result "1/2-1/2"]
[WhiteElo "1974"]
[BlackElo "1890"]
[PlyCount "78"]
[EventDate "2014.06.30"]
[EventType "swiss"]
[EventRounds "9"]
[EventCountry "FIN"]
[SourceTitle "CBM 161 Extra"]
[Source "ChessBase"]
[SourceDate "2014.08.29"]
[SourceVersion "1"]
[SourceVersionDate "2014.08.29"]
[SourceQuality "1"]

1. e4 c6 2. d4 d5 3. e5 Bf5 4. Nc3 e6 5. g4 Bg6 6. Nge2 Nd7 7. Nf4 Be7 8. Be3 a6 9. Qd2 c5 10. 0-0-0 cxd4 11. Bxd4 Rc8 12. Nxg6 hxg6 13. f4 Qa5 14. f5 Nc5 15. Kb1 Na4 16. fxe6 fxe6 17. Bd3 Nxb2 18. Bxg6+ Kd8 19. Kxb2 Ba3+ 20. Ka1 Bb4 21. Rb1 Rc4 22. Rb3 Rh3 23. Qf2 Rxd4 24. Qxd4 Bxc3+ 25. Rxc3 Rxc3 26. Rf1 Nh6 27. Rf8+ Kc7 28. Bd3 Qa3 29. Rf1 Rc5 30. g5 Nf5 31. Bxf5 exf5 32. Qb2 Qh3 33. Rb1 Rb5 34. Qd4 Rxb1+ 35. Kxb1 Qf1+ 36. Kb2 Qb5+ 37. Kc1 Qf1+ 38. Kb2 Qb5+ 39. Kc1 Qf1+ 1/2-1/2

[Event "Naantali op"]
[Site "Naantali"]
[Date "2014.07.01"]
[Round "2"]
[White "Piiroinen, Tero"]
[Black "Linqvist, Grels"]
[Result "1/2-1/2"]
[WhiteElo "1890"]
[BlackElo "2036"]
[PlyCount "37"]
[EventDate "2014.06.30"]
[EventType "swiss"]
[EventRounds "9"]
[EventCountry "FIN"]
[SourceTitle "CBM 161 Extra"]
[Source "ChessBase"]
[SourceDate "2014.08.29"]
[SourceVersion "1"]
[SourceVersionDate "2014.08.29"]
[SourceQuality "1"]

1. b3 d5 2. Bb2 e6 3. e3 Nf6 4. f4 c5 5. Nf3 Be7 6. Be2 Nc6 7. d4 cxd4 8. exd4 Ne4 9. 0-0 0-0 10. Nbd2 f5 11. c4 Bd7 12. cxd5 exd5 13. Ne5 Bd6 14. Ndf3 Rc8 15. Bd3 Rc7 16. Nxc6 Rxc6 17. Ne5 Rc8 18. Rf3 Be8 19. Rh3 1/2-1/2

[Event "FIN-chT1 West 1314"]
[Site "Finland"]
[Date "2013.10.12"]
[Round "2.6"]
[White "Piiroinen, Tero"]
[Black "Suomalainen, Erkki"]
[Result "0-1"]
[WhiteElo "1890"]
[BlackElo "2174"]
[PlyCount "46"]
[EventDate "2013.09.21"]
[EventType "team-tourn"]
[EventRounds "9"]
[EventCountry "FIN"]
[SourceTitle "EXT 2022"]
[Source "ChessBase"]
[SourceDate "2021.10.06"]
[SourceVersion "1"]
[SourceVersionDate "2021.10.06"]
[SourceQuality "1"]
[WhiteTeam "Turku AS"]
[BlackTeam "Helsinki HSK"]
[WhiteTeamCountry "FIN"]
[BlackTeamCountry "FIN"]

1. d4 Nf6 2. Nf3 g6 3. c4 Bg7 4. Nc3 0-0 5. e4 d6 6. Be2 Nbd7 7. 0-0 e5 8. Be3 exd4 9. Nxd4 Re8 10. f3 c6 11. Nb3 Ne5 12. Qd2 Be6 13. Bf4 Nxc4 14. Bxc4 Bxc4 15. Rfd1 d5 16. Nc5 Qe7 17. Qf2 b6 18. exd5 Qxc5 19. Qxc5 bxc5 20. dxc6 Rec8 21. c7 Ne8 22. Nd5 Bxd5 23. Rxd5 Nxc7 0-1

[Event "FIN-ch op"]
[Site "Naantali"]
[Date "2013.07.07"]
[Round "9.9"]
[White "Piiroinen, Tero"]
[Black "Kaveniemi, Kari"]
[Result "1/2-1/2"]
[WhiteElo "1894"]
[BlackElo "1996"]
[PlyCount "28"]
[EventDate "2013.07.01"]
[EventType "swiss"]
[EventRounds "9"]
[EventCountry "FIN"]
[SourceTitle "EXT 2022"]
[Source "ChessBase"]
[SourceDate "2021.10.06"]
[SourceVersion "1"]
[SourceVersionDate "2021.10.06"]
[SourceQuality "1"]

1. d4 Nf6 2. Nf3 d6 3. c4 g6 4. Nc3 Bg7 5. e4 0-0 6. Be2 Nbd7 7. 0-0 e5 8. Be3 Ng4 9. Bg5 f6 10. Bh4 h5 11. h3 Nh6 12. d5 a6 13. Nd2 g5 14. Bg3 h4 1/2-1/2

[Event "FIN-ch op"]
[Site "Naantali"]
[Date "2013.07.02"]
[Round "3"]
[White "Haanpaa, Jorma"]
[Black "Piiroinen, Tero"]
[Result "1-0"]
[WhiteElo "1998"]
[BlackElo "1894"]
[PlyCount "105"]
[EventDate "2013.07.01"]
[EventType "swiss"]
[EventRounds "9"]
[EventCountry "FIN"]
[SourceTitle "EXT 2014"]
[Source "ChessBase"]
[SourceDate "2013.11.20"]
[SourceVersion "1"]
[SourceVersionDate "2013.11.20"]
[SourceQuality "1"]

1. e4 d6 2. d4 g6 3. f4 c6 4. Nf3 Bg4 5. c3 d5 6. Nbd2 Bxf3 7. Qxf3 e6 8. Bd3 Nf6 9. 0-0 dxe4 10. Nxe4 Nxe4 11. Bxe4 f5 12. Bc2 Qd5 13. Bb3 Qxf3 14. Rxf3 Nd7 15. Bxe6 Nf6 16. Re3 Ne4 17. g4 Kd8 18. gxf5 gxf5 19. Bxf5 Rg8+ 20. Kf1 Nf6 21. Rg3 Rxg3 22. hxg3 h5 23. c4 Bb4 24. a3 Ba5 25. Be3 Ke7 26. Rd1 Kd6 27. b4 Bc7 28. d5 cxd5 29. Bd4 Bd8 30. Be5+ Kc6 31. cxd5+ Kb5 32. Ke2 Ka4 33. Rd3 a5 34. bxa5 Rxa5 35. d6 b5 36. Bc3 Ra8 37. Rf3 b4 38. Bxb4 Kb5 39. Rc3 Bb6 40. Bd3+ Ka4 41. Bg6 Kb5 42. Kf3 Rd8 43. Rd3 Kc4 44. Rd1 Kb5 45. Re1 Kc4 46. Re5 Bd4 47. Rf5 Rh8 48. d7 h4 49. gxh4 Nxd7 50. h5 Nf6 51. Be7 Rb8 52. Bxf6 Rb3+ 53. Kg4 1-0

[Event "Naantali op"]
[Site "Naantali"]
[Date "2012.07.08"]
[Round "9"]
[White "Piiroinen, Tero"]
[Black "Kangas, Lauri"]
[Result "0-1"]
[WhiteElo "1829"]
[BlackElo "2023"]
[PlyCount "64"]
[EventDate "2012.07.02"]
[EventType "swiss"]
[EventRounds "9"]
[EventCountry "FIN"]
[SourceTitle "CBM 149 Extra"]
[Source "ChessBase"]
[SourceDate "2012.08.24"]
[SourceVersion "1"]
[SourceVersionDate "2012.08.24"]
[SourceQuality "1"]

1. d4 d5 2. Nf3 Nf6 3. c4 e6 4. Nc3 c6 5. cxd5 exd5 6. Bg5 Be7 7. e3 0-0 8. Qc2 Nbd7 9. Bd3 Re8 10. 0-0 Nf8 11. h3 g6 12. Bf4 Ne6 13. Bh2 Ng7 14. Rfe1 Bf5 15. Ne5 Bd6 16. Na4 Qc7 17. Nf3 Bxd3 18. Qxd3 Ne4 19. Bxd6 Qxd6 20. Nd2 Nxd2 21. Qxd2 Nf5 22. Rac1 Re7 23. Qa5 Rae8 24. Qc3 Qf6 25. Nc5 Nh4 26. Re2 Qg5 27. g3 Nf3+ 28. Kf1 Qf5 29. g4 Qf6 30. Nb3 Ng5 31. Rcc2 Qf3 32. Ke1 Ne4 0-1

[Event "Naantali op"]
[Site "Naantali"]
[Date "2012.07.05"]
[Round "5"]
[White "Piiroinen, Tero"]
[Black "Kunnas, Erkki"]
[Result "0-1"]
[WhiteElo "1829"]
[BlackElo "1749"]
[PlyCount "50"]
[EventDate "2012.07.02"]
[EventType "swiss"]
[EventRounds "9"]
[EventCountry "FIN"]
[SourceTitle "CBM 149 Extra"]
[Source "ChessBase"]
[SourceDate "2012.08.24"]
[SourceVersion "1"]
[SourceVersionDate "2012.08.24"]
[SourceQuality "1"]

1. f4 d5 2. Nf3 g6 3. e3 Bg7 4. d4 b6 5. Bb5+ c6 6. Bd3 Nd7 7. 0-0 Ngf6 8. Nbd2 0-0 9. Ne5 Bb7 10. c3 c5 11. Rf3 Ne4 12. Rh3 Ndf6 13. Qe1 Bc8 14. Rh4 Nxd2 15. Bxd2 Ne4 16. g4 e6 17. Bxe4 Bxe5 18. Bxd5 Qxd5 19. fxe5 cxd4 20. cxd4 Bb7 21. Qf1 f6 22. Bb4 Qh1+ 23. Kf2 fxe5+ 24. Bxf8 Rxf8+ 25. Ke2 Ba6+ 0-1

[Event "Turku We TuTS A"]
[Site "Turku"]
[Date "2011.11.27"]
[Round "5"]
[White "Piiroinen, Tero"]
[Black "Heikkila, Antti"]
[Result "1-0"]
[WhiteElo "1808"]
[BlackElo "2034"]
[PlyCount "93"]
[EventDate "2011.11.25"]
[EventType "swiss"]
[EventRounds "5"]
[EventCountry "FIN"]
[SourceTitle "EXT 2022"]
[Source "ChessBase"]
[SourceDate "2021.10.06"]
[SourceVersion "1"]
[SourceVersionDate "2021.10.06"]
[SourceQuality "1"]

1. d4 c5 2. c3 Nf6 3. Nf3 e6 4. e3 b6 5. Bd3 Bb7 6. Nbd2 d5 7. 0-0 Bd6 8. b3 Nbd7 9. Bb2 0-0 10. Rc1 Ne4 11. c4 Nxd2 12. Nxd2 cxd4 13. exd4 Bf4 14. Rc2 Qg5 15. Nf3 Qh6 16. h3 Rac8 17. Re1 Nf6 18. Bc1 Rfd8 19. c5 bxc5 20. dxc5 Nd7 21. b4 Qf6 22. Bxf4 Qxf4 23. Qd2 Qf6 24. Bb5 Bc6 25. Bxc6 Rxc6 26. Nd4 Rcc8 27. a4 Ne5 28. Qc3 Ng6 29. b5 e5 30. Nf3 d4 31. Qc4 Qf5 32. Rd2 h5 33. a5 Kh7 34. c6 f6 35. b6 e4 36. b7 exf3 37. bxc8Q Rxc8 38. Rxd4 Qxa5 39. Red1 Qg5 40. g4 Ne5 41. Qc2+ g6 42. Qc5 hxg4 43. hxg4 Qh4 44. Rd7+ Kh6 45. Qe3+ g5 46. Qe4 Rh8 47. Qxe5 1-0

[Event "Turku We TuTS A"]
[Site "Turku"]
[Date "2011.11.27"]
[Round "4"]
[White "Piiroinen, Tero"]
[Black "Mollgren, Tage"]
[Result "1-0"]
[WhiteElo "1808"]
[BlackElo "1903"]
[PlyCount "123"]
[EventDate "2011.11.25"]
[EventType "swiss"]
[EventRounds "5"]
[EventCountry "FIN"]
[SourceTitle "EXT 2022"]
[Source "ChessBase"]
[SourceDate "2021.10.06"]
[SourceVersion "1"]
[SourceVersionDate "2021.10.06"]
[SourceQuality "1"]

1. d4 Nf6 2. Nf3 g6 3. c4 Bg7 4. Nc3 0-0 5. e4 d6 6. Be2 e5 7. Be3 Nc6 8. d5 Ne7 9. Nd2 c5 10. g4 a6 11. f3 Bd7 12. a3 Rb8 13. b4 b6 14. h4 h5 15. b5 axb5 16. cxb5 Qc7 17. Nc4 Nc8 18. Rg1 Ra8 19. Qc1 Kh7 20. Bg5 hxg4 21. fxg4 Ne7 22. h5 gxh5 23. gxh5 Neg8 24. a4 Rab8 25. Qe3 Nh6 26. 0-0-0 Nfg8 27. Qg3 f5 28. Be7 Ng4 29. Bxd6 Qd8 30. Bxf8 Qxf8 31. Bxg4 fxg4 32. Rdf1 Qe7 33. Kc2 Nh6 34. Rf2 Qg5 35. Rgf1 Qxh5 36. Rh2 Qg5 37. Qh4 Kg6 38. Qxg5+ Kxg5 39. Ne2 Be8 40. Kd3 Bg6 41. Rg2 Nf7 42. Rfg1 Nh6 43. Ke3 Bf6 44. Ng3 Rb7 45. Rh1 Nf7 46. Rf2 Bg7 47. Nf5 Bf6 48. Nfd6 Nxd6 49. Nxd6 Ra7 50. Ra2 Bh5 51. Nc4 Rb7 52. a5 bxa5 53. Rxa5 g3 54. b6 Kg4 55. Ra7 Rb8 56. Rh7 Bg6 57. Ra7 g2 58. Rg1 Kg3 59. Ra2 Bg5+ 60. Kd3 Rg8 61. Raxg2+ Kf4 62. Nxe5 1-0